00893nam a2200217 a 4500001000400000003001000004005001700014008004100031020001800072040002500090080001900115100004400134245006900178250003600247260003300283300002700316500019300343504005900536650004900595650003100644500BR-CuiBMT20231127030250.0231108s2017 spba 001 0 por d a9788597011975 aBR-CuiBMTcBR-CuiBMT 22007a34:336.21 aMachado Segundo, Hugo de Brito, d1978-10aManual de direito tributário /cHugo de Brito Machado Segundo. a9. ed., reform., atual. e ampl. aSão Paulo :bAtlas,c2017. a524 p. :bil. ;c24 cm aInformações retiradas da capa. de acordo com: Regime Especial para Pagamento de Precatórios (EC 94/2016); Novo Regime Fiscal (EC 95/2016); Alterações na Lei do ISS (LC 157/2016). aInclui bibliografia e índice alfabético-remissivo. aDireito tributáriovLegislaçãozBrasil aDireito financeirozBrasil